=LDR 00000nam 2200000 4500 =001 INLIS000000000012102 =005 20130612103637 =008 ***********************************Ind** =035 ##$$0010-061300000012102 =041 ##$$a Ind =082 ##$$a 519.5 =090 ##$$a 519.5, Sie s =100 ##$$a Siegel, Sidney =245 ##$$a Statistik Monpara metrik untuk ilmu-ilmu sosial, Sidney siegel =260 ##$$a 1986 $b Jakarta =300 ##$$a xviii,374 hlm., 21 cm =650 ##$$a Statistik nonparametik =850 ##$$a NBPNMAT